• 首页
  • 本馆介绍
  • 公告通知
  • 最新文献
  • 馆藏检索
  • 电子资源
  • 读者导购
  • 参考咨询
  • 我的图书馆
  • 登录
  • 详细信息显示
  • 放入我的书架
  • 预约/预借图书
  • 作者相关作品
  • 分类相关作品
  • 丛书相关作品
  • 出版社相关作品

书目信息

  • 表格格式
  • 工作单格式
  • 卡片格式
题名:
实用化工产品配方与制备
    
 
作者: 李东光 主编
分册: 九  
出版信息: 北京   中国纺织出版社  2013.08
页数: 11, 334页
开本: 21cm
丛书名:
单 册:
中图分类: TQ062 , TQ072
科图分类:
主题词: 化工产品--hua gong chan pin--配方 , 化工产品--hua gong chan pin--制备
电子资源:
ISBN: 978-7-5064-9932-3
000 01072nam0 2200277 45
001 012001002343
005 20191121142730.50
010    @a978-7-5064-9932-3@dCNY68.00
099    @aCAL 012013141815
100    @a20120101d2013 km y0chiy50 ea
101 0  @achi
102    @aCN@b110000
105    @ak a 000yy
106    @ar
200 1  @a实用化工产品配方与制备@Ashi yong hua gong chan pin pei fang yu zhi bei@h九@f李东光主编
210    @a北京@c中国纺织出版社@d2013.08
215    @a11, 334页@d21cm
320    @a有书目 (第334页)
330    @a本书收集了与国民经济和人民生活密切相关的、具有代表性的实用化学品以及一些具有非常良好发展前景的新型化学品,内容涉及到保温涂料、建筑胶黏剂、金属清洗剂、除锈防锈剂、生物柴油、饲料添加剂、脱漆剂、除臭剂、抛光剂、皮革助剂等方面,以满足不同领域和层面使用者的需要。
606 0  @a化工产品@Ahua gong chan pin@x配方
606 0  @a化工产品@Ahua gong chan pin@x制备
690    @aTQ062@v4
690    @aTQ072@v4
701  0 @a李东光@Ali dong guang@4主编
801  0 @aCN@b北京卓展@c20191020
905    @b1205338-41@dTQ062@e534:9@f4
    
    实用化工产品配方与制备.九/李东光主编.-北京:中国纺织出版社,2013.08
    11, 334页;21cm
    
    
    ISBN 978-7-5064-9932-3:CNY68.00
    本书收集了与国民经济和人民生活密切相关的、具有代表性的实用化学品以及一些具有非常良好发展前景的新型化学品,内容涉及到保温涂料、建筑胶黏剂、金属清洗剂、除锈防锈剂、生物柴油、饲料添加剂、脱漆剂、除臭剂、抛光剂、皮革助剂等方面,以满足不同领域和层面使用者的需要。
●
相关链接 在E读中查询图书 在五车中查询图书 在当当中查询图书 在豆瓣中查询图书


正题名:实用化工产品配方与制备     索取号:TQ062/534:9         预约/预借

序号 登录号 条形码 馆藏地/架位号 状态 备注
1 1205338   212053383   第二样本阅览室/ [索取号:TQ062/534:9] 在馆    
2 1205339   212053392   第三借阅区/ [索取号:TQ062/534:9] 在馆    
3 1205340   212053409   第三借阅区/ [索取号:TQ062/534:9] 在馆    
4 1205341   212053418   第三借阅区/ [索取号:TQ062/534:9] 在馆    
唐山师范学院图书馆 欢迎您!
大连网信软件有限公司© 版权所有